| 000 | 01413cam a2200229 4500500 | ||
|---|---|---|---|
| 005 | 20251228052223.0 | ||
| 041 | _afre | ||
| 042 | _adc | ||
| 100 | 1 | 0 |
_aÖrmen, Catherine _eauthor |
| 245 | 0 | 0 | _a« Sacrée mode! » |
| 260 | _c2009. | ||
| 500 | _a8 | ||
| 520 | _aRésuméDepuis les années 1980, le postmodernisme fait télescoper les siècles et les genres. Ainsi, se nourrissant du passé, la mode puise-t-elle souvent dans la richesse de l’iconographie chrétienne. En témoignent les tendances baroques de Jean-Paul Gaultier, qui fait défiler en 2007 des saintes très saint-sulpiciennes, de John Galliano chez Dior, qui revisite l’œuvre de Zurbaran, ou de Christian Lacroix qui intitule ses modèles « Gold Gotha ». À l’opposé, sur le papier glacé des magazines, le minimalisme joue, depuis les années 1990, sur le registre de l’épure et de l’ascétisme. La sainteté serait-elle à la mode ? Ou bien les créateurs de mode cherchent-ils à se faire remarquer par une touche d’iconoclasme ? | ||
| 690 | _aart baroque | ||
| 690 | _aChristian Lacroix | ||
| 690 | _aiconographie chrétienne | ||
| 690 | _aJean-Paul Gaultier | ||
| 690 | _aminimalisme | ||
| 690 | _apostmodernisme | ||
| 786 | 0 | _nTransversalités | 108 | 4 | 2009-01-15 | p. 153-158 | 1286-9449 | |
| 856 | 4 | 1 | _uhttps://shs.cairn.info/revue-transversalites-2008-4-page-153?lang=fr&redirect-ssocas=7080 |
| 999 |
_c1583053 _d1583053 |
||